Statystyki dla Plemiona Słowiańskie

Kliknij tutaj aby rozwiązać quiz!

Ogólne statystyki

  • Ten quiz został rozwiązany 36 razy
  • Średni wynik to 11 z 35

Statystyki odpowiedzi

podpowiedźodpowiedź% Poprawnych
zachodniosłowianiePolanie
94%
wschodniosłowianiePolanie
94%
Wiślanie
76%
Mazowszanie
65%
Pomorzanie
65%
Czesi
62%
Słowacy
59%
Ślężanie
56%
Serbowie
53%
Chorwaci
50%
Morawianie
47%
Słoweńcy
44%
Wieleci
35%
Łużyczanie
32%
Dziadoszanie
29%
Obodryci
24%
Wolinianie
21%
Bobrzanie
18%
Drewlanie
15%
Ranowie
15%
Wołynianie
15%
Trzebowianie
12%
Chyżanie
9%
Drzewianie
9%
Redarowie
9%
Serbołużyczanie
9%
Siewierzanie
9%
Wiatycze
9%
Krywicze
6%
Radymicze
6%
Słowienie
6%
Ulicze
6%
Antowie
3%
Dregowicze
3%
Sandomierzanie
3%

Rozkład punktacji

Percentyl według liczby udzielonych odpowiedzi

Procent ludzi z każdym wynikiem

Twoja historia wyników

Nie rozwiązałeś tego quizu